| 000 | 00419nam a22001337a 4500 | ||
|---|---|---|---|
| 020 | _qPB. | ||
| 040 | _cFIZZA ISHAQ | ||
| 082 |
_a231.4 _bTOZ |
||
| 100 |
_aTozer , Aiden Wilson. _9134089 |
||
| 245 |
_aThe Knowledge of the Holy: The Attributes of God: Their Meaning in the Christian Life / _cAiden Wilson Tozer. |
||
| 260 |
_aNew York: _bHarper& Row, _c 1961. |
||
| 300 |
_a120 P. ; _c5.2 x 7.2 inches, |
||
| 942 |
_2ddc _cBK |
||
| 999 |
_c617021 _d617021 |
||